000 01516cam a22002174a 4500
005 20250605163946.0
008 250528s ||||||||||||||||||||||||d
035 _a15216
020 _a201106485
040 _aGR-AtMCL
_bgre
_dGR-AtMCL
_eAACR2
245 1 _aFinancial Theory and Corporate Policy / Third Edition
250 _a3rd
260 _bAllyn And Bacon,
_c1988
300 _a948
520 _aThe authors provide a concise, unified treatment of finance, combining theory, empirical evidence, and applications. The Theory of Finance, Introduction: Capital Markets and Consumption and Investment, Investment Decisions: The Certainty Case, More Advanced Capital Budgeting Topics, The Theory of Choice: Utility Theory Given Uncertainty, Market Equilibrium: CAPM and APT, Future Contracts and Markets, Efficient Capital Markets: Theory, Corporate Policy: Theory and Evidence and Applications, Efficient Capital Markets: Evidence, Capital Budgeting Under Uncertainty: The Multiperiod Case, Capital Structure and the Cost of Capital: Theory, Capital Structure: Empirical Evidence and Applications, Dividend Policy: Theory, The Economics of Leasing, Applied Issues in Corporate Finance, Mergers and Restructuring: Tests and Applications, Exchange Rate Systems and Parity Conditions, International Financial Management: Tests and Implications, Appendices, Author and Subject Index.
700 1 _aCopeland Thomas E
_91095
700 1 _aFred Weston J
_91096
942 _cBK
999 _c810
_d810